[Event "Titled Tue 26th Aug Early"]
[Site "chess.com INT"]
[Date "2025.08.26"]
[Round "4"]
[White "Skliarov, Viktor"]
[Black "Bashirli, Saadat"]
[Result "1-0"]
[WhiteTitle "IM"]
[BlackTitle "WCM"]
[WhiteElo "2334"]
[BlackElo "1941"]
[WhiteFideId "14106736"]
[BlackFideId "13429990"]
[EventDate "2025.08.26"]

1. e4 c5 2. Nf3 Nc6 3. Bb5 d6 4. d4 cxd4 5. Qxd4 Bd7 6. Bxc6 Bxc6 7. Nc3 Nf6 8.
Bg5 e6 9. O-O-O Be7 10. Rhe1 Qa5 11. Kb1 O-O 12. Qd2 Rfc8 13. Nd4 Kf8 14. f4 b5
15. e5 dxe5 16. fxe5 Nd5 17. Nxd5 Qxd2 18. Bxe7+ Ke8 19. Rxd2 1-0

[Event "Titled Tue 26th Aug Early"]
[Site "chess.com INT"]
[Date "2025.08.26"]
[Round "4"]
[White "Mueller, Riyanna"]
[Black "Zobel, Christian"]
[Result "0-1"]
[WhiteTitle "WFM"]
[BlackTitle "CM"]
[WhiteElo "2079"]
[BlackElo "2218"]
[WhiteFideId "16287401"]
[BlackFideId "16259068"]
[EventDate "2025.08.26"]

1. e4 c6 2. d4 d5 3. f3 e6 4. Nc3 Nf6 5. e5 Nfd7 6. f4 c5 7. Nf3 Nc6 8. Be3 Qa5
9. Be2 cxd4 10. Nxd4 Bb4 11. O-O Bxc3 12. bxc3 Qxc3 13. Nb5 Qxe3+ 0-1

[Event "Titled Tue 26th Aug Early"]
[Site "chess.com INT"]
[Date "2025.08.26"]
[Round "4"]
[White "Svane, Rasmus"]
[Black "Loftgaard, Mikkel Vinh"]
[Result "1-0"]
[WhiteTitle "GM"]
[BlackTitle "FM"]
[WhiteElo "2619"]
[BlackElo "2281"]
[WhiteFideId "4657101"]
[BlackFideId "1468480"]
[EventDate "2025.08.26"]

1. Nf3 Nf6 2. g3 e6 3. Bg2 b6 4. O-O Bb7 5. c4 c5 6. Nc3 Be7 7. d4 cxd4 8. Qxd4
Nc6 9. Qf4 O-O 10. Rd1 Qc8 11. b3 d6 12. Ba3 e5 13. Qe3 Rd8 14. Rac1 Bf8 15. Nd5
Ng4 16. Qd2 f5 17. h3 Nh6 18. e4 Nd4 19. Nxd4 exd4 20. Qxd4 Nf7 21. Bb2 fxe4 22.
Ne7+ 1-0

[Event "Titled Tue 26th Aug Early"]
[Site "chess.com INT"]
[Date "2025.08.26"]
[Round "4"]
[White "Tran Le Vy"]
[Black "Bulgak, Damir"]
[Result "0-1"]
[WhiteTitle "WFM"]
[BlackTitle "CM"]
[WhiteElo "1973"]
[BlackElo "2254"]
[WhiteFideId "12423599"]
[BlackFideId "13528882"]
[EventDate "2025.08.26"]

1. e4 c5 2. Nf3 Nc6 3. c3 Nf6 4. e5 Nd5 5. d4 cxd4 6. cxd4 d6 7. Bc4 Nb6 8. Bb3
dxe5 9. dxe5 Qxd1+ 10. Kxd1 Bg4 11. Bf4 O-O-O+ 12. Kc1 Bxf3 13. g3 Nd4 14. Re1
Ne2+ 15. Rxe2 Bxe2 16. Nd2 e6 17. a3 Be7 18. Be3 Nd5 19. Bxa7 b6 20. Bxd5 Rxd5
21. Bxb6 Kb7 22. Be3 Rc8+ 23. Kb1 Bc5 24. Ne4 Bd3+ 25. Ka2 Bxe4 0-1

[Event "Titled Tue 26th Aug Early"]
[Site "chess.com INT"]
[Date "2025.08.26"]
[Round "4"]
[White "Dovgaliuk, Oleksandr"]
[Black "Fellowes, Billy"]
[Result "0-1"]
[WhiteTitle "FM"]
[BlackTitle "CM"]
[WhiteElo "2316"]
[BlackElo "2122"]
[WhiteFideId "14167247"]
[BlackFideId "483540"]
[EventDate "2025.08.26"]

1. d4 Nc6 2. e4 d5 3. e5 Bf5 4. c3 f6 5. f4 e6 6. Bd3 Nh6 7. Nf3 Be7 8. Bxf5
Nxf5 9. g4 Nh6 10. f5 Nxg4 11. fxe6 fxe5 12. h3 Bh4+ 13. Kd2 Nf2 14. Qf1 O-O 0-1

[Event "Titled Tue 26th Aug Early"]
[Site "chess.com INT"]
[Date "2025.08.26"]
[Round "4"]
[White "Ruperez Benito, Antonio"]
[Black "Koridze, Lile"]
[Result "1-0"]
[WhiteTitle "FM"]
[BlackTitle "WFM"]
[WhiteElo "2328"]
[BlackElo "2110"]
[WhiteFideId "22245049"]
[BlackFideId "13612514"]
[EventDate "2025.08.26"]

1. e4 c5 2. Nf3 d6 3. Bb5+ Nd7 4. O-O a6 5. Bd3 Ngf6 6. Re1 b5 7. c4 bxc4 8.
Bxc4 Bb7 9. Nc3 e6 10. d4 cxd4 11. Nxd4 Ne5 12. Bb3 Be7 13. Bxe6 fxe6 14. Nxe6
Qd7 15. Nxg7+ Kf7 16. Nf5 h5 17. Qb3+ Kg6 18. Nh4+ Kh7 19. f4 Qg4 20. fxe5 Qxh4
21. Qf7# 1-0

[Event "Titled Tue 26th Aug Early"]
[Site "chess.com INT"]
[Date "2025.08.26"]
[Round "4"]
[White "Manukian, Artak"]
[Black "Kjaergaard-Jensen, Jesper"]
[Result "1-0"]
[BlackTitle "CM"]
[WhiteElo "2104"]
[BlackElo "2081"]
[WhiteFideId "13301373"]
[BlackFideId "1406990"]
[EventDate "2025.08.26"]

1. e4 Nf6 2. Nc3 d5 3. exd5 Nxd5 4. Bc4 c6 5. Qf3 e6 6. Nge2 Nd7 7. d4 N7f6 8.
Bg5 Be7 9. O-O-O Nxc3 10. Nxc3 Nd5 11. Bxe7 Nxe7 12. Kb1 O-O 13. h4 a5 14. h5
Nf5 15. Bd3 Qg5 16. Ne4 Qh6 17. c3 a4 18. g4 1-0

[Event "Titled Tue 26th Aug Early"]
[Site "chess.com INT"]
[Date "2025.08.26"]
[Round "4"]
[White "Tica, Sven"]
[Black "Zaw, Ye Htut"]
[Result "0-1"]
[WhiteTitle "IM"]
[BlackTitle "CM"]
[WhiteElo "2442"]
[BlackElo "2074"]
[WhiteFideId "14526948"]
[BlackFideId "13013955"]
[EventDate "2025.08.26"]

1. Nf3 d5 2. g3 e6 3. Bg2 f5 4. b3 Nf6 5. O-O Be7 6. Ba3 O-O 7. Bxe7 Qxe7 8. d4
Ne4 9. Qc1 b6 10. Qa3 c5 11. c4 Bb7 12. cxd5 exd5 13. dxc5 bxc5 14. Rc1 Nd7 15.
Nc3 Rfe8 16. e3 a5 17. Na4 Nxf2 18. Nxc5 Qxe3 19. Rc2 Nd3+ 20. Kh1 N7xc5 0-1

[Event "Titled Tue 26th Aug Early"]
[Site "chess.com INT"]
[Date "2025.08.26"]
[Round "4"]
[White "Krsnik Cohar, Ivan Vihor"]
[Black "Grischuk, Alexander"]
[Result "0-1"]
[WhiteTitle "FM"]
[BlackTitle "GM"]
[WhiteElo "2362"]
[BlackElo "2667"]
[WhiteFideId "14520044"]
[BlackFideId "4126025"]
[EventDate "2025.08.26"]

1. d4 e6 2. Bf4 c5 3. e3 d5 4. c3 Nf6 5. Nd2 Bd6 6. Bg3 O-O 7. Bd3 b6 8. Qe2 a5
9. Ngf3 Ba6 10. Bxa6 Rxa6 11. Ne5 a4 12. a3 Ra7 13. O-O Qc7 14. f4 Nc6 15. Qb5
Ne7 16. Bh4 c4 17. Bxf6 gxf6 18. Ng4 Kg7 19. Nxc4 Qxc4 20. Qxb6 Nc6 0-1

[Event "Titled Tue 26th Aug Early"]
[Site "chess.com INT"]
[Date "2025.08.26"]
[Round "4"]
[White "Hajialiyev, Islam"]
[Black "Gomes, Luiz Alexandre de Souza"]
[Result "1-0"]
[WhiteTitle "CM"]
[BlackTitle "FM"]
[WhiteElo "2138"]
[BlackElo "2254"]
[WhiteFideId "13442724"]
[BlackFideId "2102790"]
[EventDate "2025.08.26"]

1. e4 c5 2. c3 Nf6 3. e5 Nd5 4. d4 cxd4 5. Nf3 e6 6. cxd4 d6 7. Bc4 Nb6 8. Bb5+
Bd7 9. Bxd7+ Qxd7 10. O-O Be7 11. Qe2 d5 12. Rd1 O-O 13. h4 Nc6 14. Bg5 Rac8 15.
Nc3 a6 16. g3 h6 17. Bxe7 Qxe7 18. Kg2 Nc4 19. Rac1 Qb4 20. b3 Na3 21. Na4 Ne7
22. Nc5 Rfd8 23. Nd3 Qb6 24. Qb2 Nb5 25. a4 Na7 26. b4 Nac6 27. Rc5 Nf5 28. Rdc1
Na7 29. a5 Rxc5 30. Rxc5 1-0

[Event "Titled Tue 26th Aug Early"]
[Site "chess.com INT"]
[Date "2025.08.26"]
[Round "4"]
[White "Amaya, Brayan Angel"]
[Black "Pavlidou, Ekaterini"]
[Result "0-1"]
[BlackTitle "WIM"]
[WhiteElo "1965"]
[BlackElo "2217"]
[WhiteFideId "39909646"]
[BlackFideId "4213262"]
[EventDate "2025.08.26"]

1. d4 Nf6 2. Nc3 d6 3. Be3 g6 4. f3 Bg7 5. Bf2 Nbd7 6. e4 e5 7. Bc4 O-O 8. Nge2
c6 9. O-O Qe7 10. d5 c5 11. a4 Nh5 12. a5 f5 13. Rb1 Nf4 14. Nxf4 exf4 15. exf5
Ne5 16. f6 Bxf6 17. Be2 Bf5 18. Ne4 Bg7 19. Re1 Rae8 20. Bf1 g5 21. b4 b6 22.
axb6 axb6 23. bxc5 bxc5 24. c4 g4 25. fxg4 Nxg4 26. Qf3 Nxf2 27. Nxf2 Qxe1 28.
Rxe1 Rxe1 29. h4 Bd4 30. Qxf4 Bg6 0-1

[Event "Titled Tue 26th Aug Early"]
[Site "chess.com INT"]
[Date "2025.08.26"]
[Round "4"]
[White "Kvaloy, Aksel Bu"]
[Black "Anakok, Deniz"]
[Result "0-1"]
[WhiteTitle "IM"]
[BlackTitle "CM"]
[WhiteElo "2490"]
[BlackElo "2129"]
[WhiteFideId "1528815"]
[BlackFideId "51603586"]
[EventDate "2025.08.26"]

1. d4 Nf6 2. Nf3 e6 3. Bg5 d5 4. e3 Be7 5. Nbd2 O-O 6. Bd3 h6 7. h4 c5 8. c3 Nc6
9. Ne5 Nxe5 10. dxe5 Nd7 11. f4 f6 0-1

[Event "Titled Tue 26th Aug Early"]
[Site "chess.com INT"]
[Date "2025.08.26"]
[Round "4"]
[White "Yeganegi, Barad"]
[Black "Naroditsky, Daniel"]
[Result "0-1"]
[WhiteTitle "FM"]
[BlackTitle "GM"]
[WhiteElo "2400"]
[BlackElo "2619"]
[WhiteFideId "42516340"]
[BlackFideId "2026961"]
[EventDate "2025.08.26"]

1. Nf3 Nf6 2. b3 a5 3. Bb2 a4 4. c4 e6 5. e3 a3 6. Bc1 d5 7. cxd5 exd5 8. d4 Bd6
9. Bd3 O-O 10. h3 Nc6 11. O-O Ne4 12. Bxe4 dxe4 13. Nfd2 Re8 14. Nc4 Qg5 15. Kh1
Qh4 16. Nxd6 Bxh3 17. Nxe8 Bg4+ 18. Kg1 Bxd1 19. Nxc7 Bf3 20. Nd5 Rd8 21. Nf4
Rd6 22. gxf3 exf3 23. Nd2 Rh6 0-1

[Event "Titled Tue 26th Aug Early"]
[Site "chess.com INT"]
[Date "2025.08.26"]
[Round "4"]
[White "Adewumi, Tanitoluwa"]
[Black "Wen, Gehua"]
[Result "1-0"]
[WhiteTitle "IM"]
[BlackTitle "CM"]
[WhiteElo "2421"]
[BlackElo "2196"]
[WhiteFideId "30966396"]
[BlackFideId "8603430"]
[EventDate "2025.08.26"]

1. e4 e6 2. d4 d5 3. Nc3 Nf6 4. exd5 exd5 5. Bd3 Bd6 6. Nb5 Be7 7. Bf4 Na6 8. a3
c6 9. Nc3 Nc7 10. Nf3 Ne6 11. Be5 O-O 12. O-O Bd6 13. Re1 Nf4 14. Bf1 Bg4 15.
Qd2 Bxf3 16. Qxf4 Bxe5 17. dxe5 Bxg2 18. exf6 Bxf1 19. Re7 gxf6 20. Qxf6 Bh3 21.
Kh1 Bg2+ 22. Kxg2 1-0

[Event "Titled Tue 26th Aug Early"]
[Site "chess.com INT"]
[Date "2025.08.26"]
[Round "4"]
[White "Megalios, Konstantinos"]
[Black "Sailer, Mike"]
[Result "1-0"]
[WhiteTitle "IM"]
[WhiteElo "2383"]
[BlackElo "2108"]
[WhiteFideId "4238044"]
[BlackFideId "2012901"]
[EventDate "2025.08.26"]

1. c4 e5 2. g3 Nf6 3. Bg2 d5 4. cxd5 Nxd5 5. Nc3 Nb6 6. Nf3 Nc6 7. O-O Be7 8. a3
a5 9. d3 O-O 10. Be3 h6 11. Rc1 Be6 12. Bxb6 cxb6 13. Qa4 f5 14. Rfd1 Qd7 15.
Qb5 Bc5 16. e3 f4 17. d4 exd4 18. exd4 Bd6 19. d5 fxg3 20. hxg3 Ne5 21. dxe6
Qxe6 22. Nxe5 Bxe5 23. Bd5 1-0

[Event "Titled Tue 26th Aug Early"]
[Site "chess.com INT"]
[Date "2025.08.26"]
[Round "4"]
[White "Osinovsky, Stepan"]
[Black "Sava, Robert-Gabriel"]
[Result "0-1"]
[WhiteTitle "FM"]
[BlackTitle "CM"]
[WhiteElo "2240"]
[BlackElo "2121"]
[WhiteFideId "4157354"]
[BlackFideId "1265725"]
[EventDate "2025.08.26"]

1. Nf3 Nf6 2. g3 e6 3. Bg2 d5 4. O-O Be7 5. d3 O-O 6. Nbd2 c5 7. e4 Nc6 8. Qe2
Rb8 9. e5 Nd7 10. Re1 b5 11. Nf1 a5 12. h4 Ba6 13. h5 b4 14. h6 g6 15. N1h2 c4
16. d4 Qb6 17. c3 a4 18. a3 bxc3 19. bxc3 Qb3 20. Bd2 Qc2 21. Ng4 Qd3 0-1

[Event "Titled Tue 26th Aug Early"]
[Site "chess.com INT"]
[Date "2025.08.26"]
[Round "4"]
[White "Firouzja, Alireza"]
[Black "Ibarra Jerez, Jose Carlos"]
[Result "1-0"]
[WhiteTitle "GM"]
[BlackTitle "GM"]
[WhiteElo "2766"]
[BlackElo "2545"]
[WhiteFideId "12573981"]
[BlackFideId "2226332"]
[EventDate "2025.08.26"]

1. e4 c5 2. Nf3 Nc6 3. d3 g6 4. h4 Nf6 5. Nc3 d6 6. Be2 Bg7 7. Be3 Ng4 8. Qd2
Nxe3 9. fxe3 h6 10. h5 g5 11. Nh2 Rb8 12. O-O O-O 13. Rf2 b5 14. Raf1 b4 15. Nd5
e6 16. Nf6+ Kh8 17. Nhg4 Ne5 18. d4 Nxg4 19. Bxg4 Ba6 20. Be2 Bb7 21. Qd3 Bxf6
22. Rxf6 Kg7 23. e5 dxe5 24. Rxf7+ 1-0

[Event "Titled Tue 26th Aug Early"]
[Site "chess.com INT"]
[Date "2025.08.26"]
[Round "4"]
[White "Tang, Andrew"]
[Black "Bogdanov, Artyom"]
[Result "1-0"]
[WhiteTitle "GM"]
[BlackTitle "FM"]
[WhiteElo "2538"]
[BlackElo "2383"]
[WhiteFideId "2059630"]
[BlackFideId "13749200"]
[EventDate "2025.08.26"]

1. d4 d6 2. c4 e5 3. Nf3 Nc6 4. d5 Nce7 5. e4 g6 6. h4 h6 7. h5 g5 8. c5 Nf6 9.
Nc3 Bg7 10. cxd6 cxd6 11. Be2 a6 12. a4 Bg4 13. Nd2 Bxe2 14. Qxe2 O-O 15. Nc4
Qc7 16. Be3 b5 17. axb5 axb5 18. Rxa8 Rxa8 19. Nxb5 Ra1+ 20. Kd2 Qa5+ 21. Nxa5 1-0

[Event "Titled Tue 26th Aug Early"]
[Site "chess.com INT"]
[Date "2025.08.26"]
[Round "4"]
[White "Waldhausen Gordon, Frederick"]
[Black "Ter-Sahakyan, Samvel"]
[Result "0-1"]
[WhiteTitle "FM"]
[BlackTitle "GM"]
[WhiteElo "2393"]
[BlackElo "2611"]
[WhiteFideId "2409143"]
[BlackFideId "13302531"]
[EventDate "2025.08.26"]

1. e4 e5 2. Nf3 Nc6 3. Bc4 Nf6 4. d3 Be7 5. O-O O-O 6. Nc3 d6 7. a3 h6 8. h3 Re8
9. Be3 Bf8 10. Re1 Be6 11. Bxe6 Rxe6 12. d4 exd4 13. Nxd4 Nxd4 14. Bxd4 c6 15.
Qf3 Qa5 16. Re2 Rae8 17. Rae1 a6 18. Nb1 Nxe4 19. Rxe4 Qxe1+ 20. Rxe1 Rxe1+ 21.
Kh2 Rxb1 22. Qf5 Re6 23. Qa5 Rbe1 24. Qc7 Re7 25. Qxd6 Rh1+ 0-1

[Event "Titled Tue 26th Aug Early"]
[Site "chess.com INT"]
[Date "2025.08.26"]
[Round "4"]
[White "Pontes, Luiz Felizola Lima"]
[Black "Marcziter, Dmitrii"]
[Result "0-1"]
[BlackTitle "FM"]
[WhiteElo "1871"]
[BlackElo "2188"]
[WhiteFideId "44709919"]
[BlackFideId "13900765"]
[EventDate "2025.08.26"]

1. e4 c5 2. Nf3 a6 3. c4 e6 4. d4 cxd4 5. Nxd4 Nf6 6. Nc3 Qc7 7. a3 b6 8. Be2
Bb7 9. f3 Nc6 10. Be3 Ne5 11. Rc1 Ng6 12. Qd2 h5 13. b4 h4 14. Nb3 Bd6 15. Na4
Bxh2 16. Nxb6 Bg3+ 17. Kf1 Rd8 18. c5 O-O 19. Nc4 Nh5 20. Rh3 Ngf4 21. Rh1 f5
22. e5 Bd5 23. Nba5 g5 24. Nd6 Nxe2 25. Qxe2 Bxe5 26. Bxg5 Ng3+ 0-1

[Event "Titled Tue 26th Aug Early"]
[Site "chess.com INT"]
[Date "2025.08.26"]
[Round "4"]
[White "Puzyrevsky, Semyon"]
[Black "Carafizi, Vasile"]
[Result "1-0"]
[WhiteTitle "FM"]
[BlackTitle "FM"]
[WhiteElo "2269"]
[BlackElo "2134"]
[WhiteFideId "24240931"]
[BlackFideId "4002539"]
[EventDate "2025.08.26"]

1. e4 e5 2. Nf3 Nc6 3. Bc4 Nf6 4. d3 h6 5. O-O d6 6. c3 Be7 7. a4 Bg4 8. a5 a6
9. b4 O-O 10. Nbd2 d5 11. exd5 Nxd5 12. h3 Nxc3 13. Qb3 Ne2+ 14. Kh1 Nxc1 15.
Raxc1 Bf5 16. Bd5 Nxb4 17. Bxb7 Rb8 18. Be4 Nxd3 19. Qc4 Bxe4 20. Nxe4 Nxc1 21.
Rxc1 Bd6 22. Qxa6 Ra8 23. Qb5 Qb8 24. Qd5 Qb4 25. Ra1 Rfb8 26. a6 Qb5 27. Qa2
Rb6 28. a7 Rb7 29. Neg5 hxg5 30. Nxg5 Qb3 31. Qa6 Qb6 32. Qc4 c6 33. Rd1 Bf8 34.
Qh4 Ba3 35. Qh7+ Kf8 36. Qh8+ Ke7 37. Qxa8 Rxa7 38. Qg8 Qb3 39. Qd8# 1-0

[Event "Titled Tue 26th Aug Early"]
[Site "chess.com INT"]
[Date "2025.08.26"]
[Round "4"]
[White "Omariev, Maksim"]
[Black "Cai, Chaoruo"]
[Result "1-0"]
[WhiteTitle "FM"]
[BlackTitle "CM"]
[WhiteElo "2304"]
[BlackElo "2274"]
[WhiteFideId "4193423"]
[BlackFideId "8618402"]
[EventDate "2025.08.26"]

1. b3 b6 2. Bb2 e6 3. Nf3 Nf6 4. e3 Bb7 5. Be2 Be7 6. O-O O-O 7. c4 c5 8. d4 d6
9. Nc3 Nc6 10. Qd2 a6 11. Rfd1 Qc7 12. Rac1 Rfd8 13. Bd3 Nb4 14. Bb1 Bf8 15. e4
Nd7 16. d5 a5 17. a3 Na6 18. Nb5 Qb8 19. dxe6 fxe6 20. Ng5 Re8 21. e5 h6 22. Qd3
hxg5 23. Qh7+ Kf7 24. Qh5+ Kg8 25. Bh7+ Kh8 26. Bg6+ Kg8 27. Qh7# 1-0

[Event "Titled Tue 26th Aug Early"]
[Site "chess.com INT"]
[Date "2025.08.26"]
[Round "4"]
[White "Grot, Blazej"]
[Black "Galstyan, David"]
[Result "1-0"]
[WhiteTitle "CM"]
[BlackTitle "FM"]
[WhiteElo "2207"]
[BlackElo "2284"]
[WhiteFideId "21835845"]
[BlackFideId "54516196"]
[EventDate "2025.08.26"]

1. e4 c5 2. Nf3 Nc6 3. Bb5 e5 4. O-O Bd6 5. c3 a6 6. Ba4 b5 7. Bc2 Nge7 8. d4
cxd4 9. cxd4 Nxd4 10. Nxd4 exd4 11. f4 Qc7 12. e5 Bc5 13. Bd3 Bb7 14. Nd2 O-O-O
15. Nb3 Bb6 16. Bd2 Nc6 17. a4 b4 18. a5 Nxa5 19. Bxb4 Nxb3 20. Qxb3 Bc5 21.
Bxc5 Qxc5 22. Rac1 Qxc1 23. Rxc1+ Kb8 24. Bxa6 1-0

[Event "Titled Tue 26th Aug Early"]
[Site "chess.com INT"]
[Date "2025.08.26"]
[Round "4"]
[White "Berikkyzy Alanna"]
[Black "Silwal, Purushottam"]
[Result "0-1"]
[WhiteTitle "WFM"]
[BlackTitle "CM"]
[WhiteElo "2162"]
[BlackElo "2129"]
[WhiteFideId "13780719"]
[BlackFideId "12332313"]
[EventDate "2025.08.26"]

1. e4 c5 2. Nf3 d6 3. d4 cxd4 4. Nxd4 Nf6 5. Nc3 a6 6. Bg5 Nbd7 7. f4 Qc7 8. Qf3
h6 9. O-O-O hxg5 10. fxg5 Ne5 11. Qe2 Bg4 12. Nf3 Nh5 13. Nd5 Qd8 14. h3 Bxf3
15. gxf3 Ng3 16. Qg2 Nxh1 17. f4 Nc6 18. g6 e6 19. gxf7+ Kxf7 20. Nc3 Qf6 21. f5
Ne5 22. fxe6+ Qxe6 23. Qxh1 Rc8 24. Qg2 g6 25. Qf2+ Qf6 26. Qe2 Bh6+ 27. Kb1 Nc4
28. Bg2 Kg7 29. Rd3 b5 30. h4 Nxb2 31. Kxb2 b4 32. e5 bxc3+ 33. Ka1 Qxe5 34. Re3
Qxe3 0-1

[Event "Titled Tue 26th Aug Early"]
[Site "chess.com INT"]
[Date "2025.08.26"]
[Round "4"]
[White "Arkadan, Adib"]
[Black "Garcia Correa, Jose Ricardo"]
[Result "1-0"]
[WhiteTitle "CM"]
[BlackTitle "FM"]
[WhiteElo "2215"]
[BlackElo "2103"]
[WhiteFideId "5304946"]
[BlackFideId "5101832"]
[EventDate "2025.08.26"]

1. Nf3 c5 2. b3 d5 3. Bb2 f6 4. d3 e5 5. e4 Nc6 6. Nc3 Nge7 7. g3 d4 8. Ne2 Be6
9. Bg2 Qd7 10. O-O g5 11. Nd2 h5 12. f4 exf4 13. gxf4 g4 14. e5 f5 15. Nc4 Nd5
16. c3 b5 17. cxd4 bxc4 18. dxc4 Ne3 19. Qd3 cxd4 20. Nxd4 Nxd4 21. Qxe3 Nc2 22.
Qf2 Rc8 23. Qxc2 h4 24. Rad1 Bc5+ 25. Kh1 Qe7 26. Bd5 O-O 27. h3 Bxd5+ 28. Rxd5
Qf7 29. hxg4 fxg4 30. e6 Qxe6 31. Rg5+ Kf7 32. Qh7+ Ke8 33. Re5 Qxe5 34. Bxe5 1-0

[Event "Titled Tue 26th Aug Early"]
[Site "chess.com INT"]
[Date "2025.08.26"]
[Round "4"]
[White "Carroll, Peter"]
[Black "Gavarrete, Nahun"]
[Result "0-1"]
[WhiteTitle "FM"]
[BlackTitle "FM"]
[WhiteElo "2167"]
[BlackElo "2281"]
[WhiteFideId "2510243"]
[BlackFideId "8400709"]
[EventDate "2025.08.26"]

1. e4 e5 2. Nf3 Nc6 3. Bc4 Be7 4. O-O Nf6 5. Re1 Nxe4 6. Bxf7+ Kxf7 7. Rxe4 d6
8. d4 Bf5 9. Ng5+ Bxg5 10. Qf3 g6 11. Bxg5 Qxg5 12. d5 Nd4 13. Rxd4 Qc1+ 14. Rd1
Qxc2 15. Nd2 Rac8 16. Rac1 Qxb2 17. Ne4 Kg7 18. Ng5 Rhf8 19. Qg3 h6 20. Ne6+
Bxe6 21. dxe6 Qxa2 22. h4 Qxe6 23. h5 Kh7 24. Rd3 g5 25. Rdc3 c5 26. Qe3 Qf5 27.
f3 b6 28. Qe2 d5 29. Qa6 d4 30. Rd3 Rc7 31. Re1 c4 0-1

[Event "Titled Tue 26th Aug Early"]
[Site "chess.com INT"]
[Date "2025.08.26"]
[Round "4"]
[White "Vincenti, Leonardo"]
[Black "Tarhan, Adar"]
[Result "1/2-1/2"]
[WhiteTitle "CM"]
[BlackTitle "IM"]
[WhiteElo "2221"]
[BlackElo "2474"]
[WhiteFideId "28550820"]
[BlackFideId "34544712"]
[EventDate "2025.08.26"]

1. e4 e5 2. Nf3 Nc6 3. d4 exd4 4. Bc4 Nf6 5. O-O Nxe4 6. Re1 d5 7. Bxd5 Qxd5 8.
Nc3 Qh5 9. Nxe4 Be6 10. Bg5 h6 11. Bf6 Qf5 12. Nxd4 Nxd4 13. Qxd4 Qd5 14. Qxd5
Bxd5 15. Nc5+ Be6 16. Nxe6 fxe6 17. Bc3 Kf7 18. Rad1 Bd6 19. Be5 Rad8 20. Bxd6
Rxd6 21. Rxd6 cxd6 22. c4 Rc8 23. b3 a6 24. a4 b5 25. axb5 axb5 26. cxb5 Rb8 27.
f3 Rxb5 28. Rb1 Kf6 29. Kf2 d5 30. Ke3 Ke5 31. b4 Kd6 32. f4 e5 33. fxe5+ Kxe5
34. g3 d4+ 35. Kd3 Kd5 36. g4 g6 37. Rb2 h5 38. gxh5 gxh5 39. h4 Rb6 40. Rg2
Rxb4 41. Rg5+ Ke6 42. Rxh5 Ra4 43. Rc5 Kd6 44. Rc4 Rxc4 45. Kxc4 Ke5 46. h5 Kf6
47. Kxd4 Kg5 48. h6 Kxh6 1/2-1/2

[Event "Titled Tue 26th Aug Early"]
[Site "chess.com INT"]
[Date "2025.08.26"]
[Round "4"]
[White "Itkis, Boris"]
[Black "Solovchuk, Oleksiy"]
[Result "0-1"]
[WhiteTitle "IM"]
[WhiteElo "2250"]
[BlackElo "2303"]
[WhiteFideId "1209167"]
[BlackFideId "14115220"]
[EventDate "2025.08.26"]

1. d4 Nf6 2. c4 e6 3. g3 d5 4. Nf3 c6 5. Bg2 b5 6. cxb5 cxb5 7. O-O Bd6 8. a4 b4
9. Nbd2 O-O 10. Nb3 Nbd7 11. Bf4 Bxf4 12. gxf4 Ba6 13. Ne5 Rc8 14. Qd2 Bc4 15.
Nxd7 Nxd7 16. Nc1 a5 17. b3 Ba6 18. Nd3 Bxd3 19. Qxd3 Rc3 20. Qd1 Qh4 21. e3 Nf6
22. Rc1 Rfc8 23. Rxc3 Rxc3 24. Qd2 g6 25. Rc1 Rxc1+ 26. Qxc1 Ng4 27. f3 Qf2+ 28.
Kh1 Nxe3 29. Qg1 Qxg1+ 30. Kxg1 Nf5 0-1

[Event "Titled Tue 26th Aug Early"]
[Site "chess.com INT"]
[Date "2025.08.26"]
[Round "4"]
[White "Rabin, Evan"]
[Black "Solberg, Joachim"]
[Result "1/2-1/2"]
[BlackTitle "FM"]
[WhiteElo "1945"]
[BlackElo "2161"]
[WhiteFideId "2028670"]
[BlackFideId "1502930"]
[EventDate "2025.08.26"]

1. e4 c5 2. Nf3 e6 3. d4 cxd4 4. Nxd4 Bc5 5. Nc3 Qb6 6. Na4 Qa5+ 7. c3 Bxd4 8.
Qxd4 Nf6 9. Nc5 Nc6 10. Qe3 d6 11. Nb3 Qe5 12. Bd3 d5 13. exd5 Qxe3+ 14. Bxe3
Nxd5 15. Bc5 f6 16. O-O Kf7 17. Rad1 Rd8 18. Be4 b6 19. Ba3 Bb7 20. Nd4 Nxd4 21.
Rxd4 f5 22. Bxd5 Rxd5 23. Rfd1 Rad8 24. Rxd5 Rxd5 25. Rxd5 Bxd5 26. b3 b5 27.
Bc5 a6 28. f3 e5 29. Kf2 Ke6 30. Ke3 g6 31. g3 h5 32. f4 e4 33. Kd4 Bc6 34. Bb6
Bb7 35. Ke3 Kd5 36. Bd4 a5 37. a3 a4 38. bxa4 bxa4 39. Kd2 Kc4 40. Bb6 Bd5 41.
Bd8 Kb3 42. Be7 Kc4 43. Bb4 Be6 44. Ke3 Bf7 45. Kd2 Be6 46. Ke3 Bf7 47. Kd2 Be6 1/2-1/2